Catálogo (Record no. 44054)

MARC details
000 -LEADER
campo de control de longitud fija 00561nam a2200181 i 4500
001 - NÚMERO DE CONTROL
campo de control 44054
003 - IDENTIFICADOR DE NÚMERO DE CONTROL
campo de control ES-MaACL
005 - FECHA Y HORA DE LA ÚLTIMA TRANSACCIÓN
campo de control 20230906160938.0
007 - CAMPO FIJO DE DESCRIPCIÓN FÍSICA--INFORMACIÓN GENERAL
campo de control de longitud fija t|
008 - DATOS DE LONGITUD FIJA--INFORMACIÓN GENERAL
campo de control de longitud fija 030320s1933 sp ||||1| spa d
245 00 - MENCIÓN DEL TÍTULO
Título Catálogo
Resto del título : Museo del Prado /
Mención de responsabilidad, etc. advertencia de F. J. Sánchez Cantón.
260 ## - PUBLICACIÓN, DISTRIBUCIÓN, ETC.
Lugar de publicación, distribución, etc. Madrid :
Nombre del editor, distribuidor, etc. [s.n.],
Fecha de publicación, distribución, etc. 1933 (
Fabricante Blass)
300 ## - DESCRIPCIÓN FÍSICA
Extensión XXI, 909 p. ;
Dimensiones 18 cm.
700 1# - ENTRADA AGREGADA--NOMBRE PERSONAL
Nombre de persona Sánchez Cantón, Francisco Javier,
Fechas asociadas al nombre 1891-1971
9 (RLIN) 102521
710 2# - ENTRADA AGREGADA--NOMBRE DE ENTIDAD CORPORATIVA
Nombre de entidad corporativa o nombre de jurisdicción como elemento de entrada Museo Nacional del Prado.
9 (RLIN) 160001
852 ## - LOCALIZACIÓN
Ubicación ES-MaACL
Número de control de estantería B-8420
Holdings
Estatus retirado Estado de pérdida Estado de daño No para préstamo Biblioteca de origen Biblioteca actual Ubicación en estantería Fecha de adquisición Fuente de adquisición Total de préstamos Signatura topográfica completa Código de barras Visto por última vez Precio de reemplazo Tipo de ítem Koha
        Biblioteca del Ateneo de Madrid Biblioteca del Ateneo de Madrid Sala Pardo Bazán 17/01/2008     B-8420 1046367 23/02/2023 23/02/2023 Libro impreso